<?xml version="1.0" encoding="UTF-8"?>
<record
    xmlns:xsi="http://www.w3.org/2001/XMLSchema-instance"
    xsi:schemaLocation="http://www.loc.gov/MARC21/slim http://www.loc.gov/standards/marcxml/schema/MARC21slim.xsd"
    xmlns="http://www.loc.gov/MARC21/slim">

  <leader>00571nam a2200145   4500</leader>
  <controlfield tag="008">793.319.468 R482l</controlfield>
  <datafield tag="020" ind1=" " ind2=" ">
    <subfield code="a">9788492865628</subfield>
  </datafield>
  <datafield tag="082" ind1=" " ind2=" ">
    <subfield code="a">793.319.468</subfield>
    <subfield code="b">R482l</subfield>
  </datafield>
  <datafield tag="100" ind1=" " ind2=" ">
    <subfield code="a">Ribalta, Jorge</subfield>
    <subfield code="9">6788</subfield>
  </datafield>
  <datafield tag="245" ind1=" " ind2=" ">
    <subfield code="a">Laocoonte Salvaje</subfield>
  </datafield>
  <datafield tag="260" ind1=" " ind2=" ">
    <subfield code="a">Espa&#xF1;a</subfield>
    <subfield code="b">Editorial Perif&#xE9;rica</subfield>
    <subfield code="c">2012</subfield>
  </datafield>
  <datafield tag="300" ind1=" " ind2=" ">
    <subfield code="a">268 p.</subfield>
    <subfield code="b">ill</subfield>
    <subfield code="c">17 x 12 cm</subfield>
  </datafield>
  <datafield tag="505" ind1=" " ind2=" ">
    <subfield code="t">Nota del autor</subfield>
    <subfield code="t">Laocoonte salvaje</subfield>
    <subfield code="t">Representaciones flamencas contempor&#xE1;neas (una conversaci&#xF3;n)</subfield>
    <subfield code="t">Agradecimientos del autor</subfield>
  </datafield>
  <datafield tag="650" ind1=" " ind2=" ">
    <subfield code="x">arte contempor&#xE1;neo</subfield>
    <subfield code="x">arte Flamenco</subfield>
    <subfield code="x">trabajo pict&#xF3;rico</subfield>
    <subfield code="x">Danza - fotograf&#xED;a </subfield>
    <subfield code="x">historia</subfield>
    <subfield code="x">Espa&#xF1;a</subfield>
    <subfield code="9">6789</subfield>
  </datafield>
  <datafield tag="999" ind1=" " ind2=" ">
    <subfield code="c">1669</subfield>
    <subfield code="d">1669</subfield>
  </datafield>
  <datafield tag="952" ind1=" " ind2=" ">
    <subfield code="0">0</subfield>
    <subfield code="1">0</subfield>
    <subfield code="2">ddc</subfield>
    <subfield code="4">0</subfield>
    <subfield code="7">0</subfield>
    <subfield code="a">LV</subfield>
    <subfield code="b">LV</subfield>
    <subfield code="c">Pensamiento</subfield>
    <subfield code="d">2018-11-21</subfield>
    <subfield code="l">0</subfield>
    <subfield code="o">793.319.468 R482l</subfield>
    <subfield code="p">004711</subfield>
    <subfield code="r">2018-11-21 00:00:00</subfield>
    <subfield code="w">2018-11-21</subfield>
    <subfield code="y">01</subfield>
  </datafield>
</record>
